| 000 | 01161nam a22002415i 4500 | ||
|---|---|---|---|
| 001 | 176725 | ||
| 003 | ES-MaACL | ||
| 005 | 20230906220153.0 | ||
| 008 | 110204s1959 fr a |||| | fre d | ||
| 080 | _a613.26(497.1) | ||
| 080 | _a635.65(497.1) | ||
| 245 | 0 | 0 |
_aOrganisation du marché des fruits et légumes en Yougoslavie _b: supplément à la publication: "Organisation du marché des fruits et légumes en Europe" : projet nº 372. |
| 260 |
_a[Paris] : _bAgence Européenne de Productivité, Division de l'action technique et de la productivité dans l'agriculture et l'alimentation, Organisation Européenne de Coopération Économique, _c1959. |
||
| 300 |
_a31 p. : _bil. bl. y n. ; _c27 cm. |
||
| 490 | 1 |
_aAlimentation et agriculture documentation. Série 1959 ; _v7 |
|
| 546 | _aTexto en francés. | ||
| 650 | 0 | 4 |
_aFrutas- _zYugoslavia. _9145028 |
| 650 | 4 |
_aLegumbres- _zYugoslavia. _9145029 |
|
| 710 | 0 |
_aOrganización de Cooperación y Desarrollo Económico. _bAgencia Europea de Productividad. _96056 |
|
| 830 | 0 |
_aAlimentation et agriculture documentation. Série 1959 ; _v7 _9190202 |
|
| 852 |
_aES-MaACL _jE-14185 |
||
| 999 |
_c176725 _d176725 |
||